Theology of the Old Testment (Record no. 20241)

MARC details
000 -LEADER
fixed length control field 00279nam a22001217a 4500
082 ## - DEWEY DECIMAL CLASSIFICATION NUMBER
Classification number 230 EIC
100 ## - MAIN ENTRY--AUTHOR NAME
Author name Eichrodt, Walther
245 ## - TITLE STATEMENT
Title Theology of the Old Testment
260 ## - PUBLICATION, DISTRIBUTION, ETC. (IMPRINT)
Place of publication Philadephia
Name of publisher The Westminster Press
Year of publication 1967
300 ## - PHYSICAL DESCRIPTION
Number of Pages 573
650 ## - SUBJECT ADDED ENTRY--TOPICAL TERM
Topical Term Theology
942 ## - ADDED ENTRY ELEMENTS (KOHA)
Koha item type Books
Holdings
Home library Current library Date acquired Source of acquisition Cost, normal purchase price Full call number Accession Number Koha item type
Henry Martyn Institute Library Henry Martyn Institute Library 02/13/2017 Dr Andreas D'Souza 100.00 230 EIC V.2 11002612 E-Books
                   Copyright © 2026 | Henry Martyn Institute | Hyderabad | TS-500052 | INDIA | Implemented by hmi.edu.in
Hit-Count:

Powered by Koha